00346 2200133 4500001002100000005001500021035002000036245007800056260003400134082000800168084001200176990001200188990001200200INLIS00000000000257720250605122012 a0010-0625000163 aTerampil Membuat Buku Harian dan Surat Pribadi /cProf. Drs. M. Atar Semi aBandung :bTitian Ilmu,c1991 a400 a400 TER a0420982 a0420983